Detalles MARC
| 000 -LEADER |
| fixed length control field |
02192nam a2200433Ii 4500 |
| 001 - CONTROL NUMBER |
| control field |
DIGVEDIV0122 |
| 003 - CONTROL NUMBER IDENTIFIER |
| control field |
NyNyDIG |
| 008 - FIXED-LENGTH DATA ELEMENTS--GENERAL INFORMATION |
| fixed length control field |
140526t20052005sp o 100 0 spa d |
| 006 - FIXED-LENGTH DATA ELEMENTS--ADDITIONAL MATERIAL CHARACTERISTICS |
| fixed length control field |
m o d |
| 007 - PHYSICAL DESCRIPTION FIXED FIELD--GENERAL INFORMATION |
| fixed length control field |
cr ||||||||||| |
| 040 ## - CATALOGING SOURCE |
| Original cataloging agency |
DGITA |
| Language of cataloging |
eng |
| Description conventions |
rda |
| -- |
pn |
| Transcribing agency |
DGITA |
| 020 ## - INTERNATIONAL STANDARD BOOK NUMBER |
| International Standard Book Number |
9788499450711 pdf) |
| 020 ## - INTERNATIONAL STANDARD BOOK NUMBER |
| International Standard Book Number |
8499450717 |
| Qualifying information |
(eBook ; |
| -- |
pdf) |
| 020 ## - INTERNATIONAL STANDARD BOOK NUMBER |
| Canceled/invalid ISBN |
8481696897 |
| 020 ## - INTERNATIONAL STANDARD BOOK NUMBER |
| Canceled/invalid ISBN |
9788481696899 |
| 035 ## - SYSTEM CONTROL NUMBER |
| System control number |
(OCoLC)844344205 |
| 050 14 - LIBRARY OF CONGRESS CALL NUMBER |
| Classification number |
BL85 eBook |
| 111 2# - MAIN ENTRY--MEETING NAME |
| Meeting name or jurisdiction name as entry element |
Simposio Internacional de Teología Intercultural e Interreligiosa de la Liberación |
| Number of part/section/meeting |
(1st : |
| Date of meeting or treaty signing |
2004 : |
| Location of meeting |
Barcelona, Spain) |
| 245 10 - TITLE STATEMENT |
| Title |
Interculturalidad, diálogo interreligioso y liberación / |
| Statement of responsibility, etc. |
I Simposio Internacional de Teología Intercultural e Interreligiosa de la Liberación, Barcelona, 11-12 de julio de 2004 ; Juan José Tamayo, Raúl Fornet-Betancourt (editores). |
| 264 #1 - PRODUCTION, PUBLICATION, DISTRIBUTION, MANUFACTURE, AND COPYRIGHT NOTICE |
| Place of production, publication, distribution, manufacture |
Estella (Navarra), España : |
| Name of producer, publisher, distributor, manufacturer |
Editorial Verbo Divino, |
| Date of production, publication, distribution, manufacture, or copyright notice |
[2005] |
| 264 #4 - PRODUCTION, PUBLICATION, DISTRIBUTION, MANUFACTURE, AND COPYRIGHT NOTICE |
| Date of production, publication, distribution, manufacture, or copyright notice |
©2005 |
| 300 ## - PHYSICAL DESCRIPTION |
| Extent |
1 online resource (307 pages) |
| 336 ## - CONTENT TYPE |
| Content type term |
text |
| Content type code |
txt |
| Source |
rdacontent |
| 337 ## - MEDIA TYPE |
| Media type term |
computer |
| Media type code |
c |
| Source |
rdamedia |
| 338 ## - CARRIER TYPE |
| Carrier type term |
online resource |
| Carrier type code |
cr |
| Source |
rdacarrier |
| 500 ## - GENERAL NOTE |
| General note |
"Universidad Carlos III de Madrid, Instituto de Derechos Humanos Bartolomé de las Casas, Cátedra de Teología y Ciencias de la Religión "Ignacio Ellacuría"--Title page. |
| 588 0# - SOURCE OF DESCRIPTION NOTE |
| Source of description note |
Online resource; title from ePub and PDF title page (Digitalia, viewed May 30, 2014) |
| 650 #0 - SUBJECT ADDED ENTRY--TOPICAL TERM |
| Topical term or geographic name entry element |
Religious pluralism |
| Form subdivision |
Congresses. |
| 650 #0 - SUBJECT ADDED ENTRY--TOPICAL TERM |
| Topical term or geographic name entry element |
Liberation theology |
| Form subdivision |
Congresses. |
| 655 #0 - INDEX TERM--GENRE/FORM |
| Genre/form data or focus term |
Electronic books. |
| 700 1# - ADDED ENTRY--PERSONAL NAME |
| Personal name |
Tamayo-Acosta, Juan José, |
| Relator term |
editor. |
| 700 1# - ADDED ENTRY--PERSONAL NAME |
| Personal name |
Fornet-Betancourt, Raúl, |
| Dates associated with a name |
1946- |
| Relator term |
editor. |
| 791 2# - |
| -- |
Digitalia (Firm), |
| -- |
distributor. |
| 793 0# - |
| -- |
Digitalia eBook Collection: |
| -- |
Editorial Verbo Divino. |
| 776 08 - ADDITIONAL PHYSICAL FORM ENTRY |
| Relationship information |
Print version: |
| Main entry heading |
Simposio Internacional de Teología Intercultural e Interreligiosa de la Liberación (1st : 2004 : Barcelona, Spain) |
| Title |
Interculturalidad, diálogo interreligioso y liberación. |
| Place, publisher, and date of publication |
Estella (Navarra) : Editorial Verbo Divino, 2005 |
| International Standard Book Number |
8481696897 |
| Record control number |
(OCoLC)65460439 |
| 856 40 - ELECTRONIC LOCATION AND ACCESS |
| Materials specified |
Digitalia Hispánica |
| Uniform Resource Identifier |
<a href="https://www.digitaliapublishing.com/a/2425/">https://www.digitaliapublishing.com/a/2425/</a> |
| 910 ## - USER-OPTION DATA (OCLC) |
| User-option data |
Premium Collection: 2013 |
| 942 ## - ADDED ENTRY ELEMENTS (KOHA) |
| Koha item type |
Recurso Electrónico |